Oscar del calcio AIC 2004 - Statistics

Statistiche generali
  • Questo quiz è stato fatto 39 volte
  • Il punteggio medio è 7 su 8
Statistiche sulle risposte
Categoria Nazione Squadra Vincitore % Corretto
Migliore calciatore italiano Italia Roma Francesco Totti
100%
Migliore portiere Italia Juventus Gianluigi Buffon
100%
Migliore calciatore straniero Brasile Milan Kaká
97%
Migliore difensore Italia Milan Paolo Maldini
97%
Migliore allenatore Italia Milan Carlo Ancelotti
94%
Migliore calciatore assoluto Brasile Milan Kaká
94%
Migliore arbitro - - Pierluigi Collina
91%
Migliore calciatore giovane Italia Parma Alberto Gilardino
41%
Nessun quiz corrispondente trovato
Distribuzione punteggi
Percentuale di utenti per punteggio
Percentile per numero di risposta
I tuoi punteggi nel tempo
Non hai fatto questo quiz